| 000 | 00501 a2200193 4500 | ||
|---|---|---|---|
| 005 | 20260128103603.0 | ||
| 008 | 260127b |||||||| |||| 00| 0 eng d | ||
| 020 |
_a9789361772658 _cRs. 1795.00 |
||
| 040 | _aMAIN | ||
| 082 |
_a954.0072 _bV319H |
||
| 100 | _aVanina, Eugenia | ||
| 245 | _aHistory in history: Interpretations of the Indian pasts | ||
| 260 |
_bPrimus Books _c2024 _aDelhi |
||
| 300 | _a420 | ||
| 650 | _aHistory | ||
| 650 | _aHistorigraphy | ||
| 650 | _aIndia | ||
| 942 | _cBK | ||
| 999 |
_c394639 _d394639 |
||